|
|
|
|
| LEADER |
00000caa a22000002c 4500 |
| 001 |
1640057293 |
| 003 |
DE-627 |
| 005 |
20220608130943.0 |
| 007 |
tu |
| 008 |
160223s1992 xx ||||| 00| ||eng c |
| 035 |
|
|
|a (DE-627)1640057293
|
| 035 |
|
|
|a (DE-576)456042415
|
| 035 |
|
|
|a (DE-599)BSZ456042415
|
| 040 |
|
|
|a DE-627
|b ger
|c DE-627
|e rakwb
|
| 041 |
|
|
|a eng
|
| 100 |
1 |
|
|a Hauck, V. E.
|4 aut
|
| 245 |
1 |
0 |
|a Sexual harassment and arbitration
|c V.E Hauck, T.G Pearce
|
| 264 |
|
1 |
|c 1992
|
| 336 |
|
|
|a Text
|b txt
|2 rdacontent
|
| 337 |
|
|
|a ohne Hilfsmittel zu benutzen
|b n
|2 rdamedia
|
| 338 |
|
|
|a Band
|b nc
|2 rdacarrier
|
| 700 |
1 |
|
|a Pearce, T. G.
|4 aut
|
| 773 |
0 |
8 |
|i In
|t Labor law journal
|d Chicago, Ill. : [Verlag nicht ermittelbar], 1949
|g 43(1992), 1, Seite 31-39
|w (DE-627)129530344
|w (DE-600)214726-9
|w (DE-576)01495415X
|x 0023-6586
|7 nnas
|
| 773 |
1 |
8 |
|g volume:43
|g year:1992
|g number:1
|g pages:31-39
|
| 935 |
|
|
|a mkri
|
| 951 |
|
|
|a AR
|
| ELC |
|
|
|b 1
|
| LOK |
|
|
|0 000 xxxxxcx a22 zn 4500
|
| LOK |
|
|
|0 001 3301330762
|
| LOK |
|
|
|0 003 DE-627
|
| LOK |
|
|
|0 004 1640057293
|
| LOK |
|
|
|0 005 20160223101054
|
| LOK |
|
|
|0 008 160208||||||||||||||||ger|||||||
|
| LOK |
|
|
|0 040
|a DE-21-110
|c DE-627
|d DE-21-110
|
| LOK |
|
|
|0 689
|a s
|a Sexuelle Belästigung
|
| LOK |
|
|
|0 689
|a s
|a Arbeitsplatz
|
| LOK |
|
|
|0 852
|z Kein Bestand am IfK; Nachweis für KrimDok
|
| LOK |
|
|
|0 852
|a DE-21-110
|
| LOK |
|
|
|0 852 1
|m v
|9 00
|
| LOK |
|
|
|0 935
|a k110
|
| LOK |
|
|
|0 938
|k v
|
| LOK |
|
|
|0 939
|a 08-02-16
|b l01
|
| ORI |
|
|
|a SA-MARC-krimdoka001.raw
|